|
|
|
|
| LEADER |
00589cam a2200181 7i4500 |
| 001 |
0000025139 |
| 005 |
20101125090000.0 |
| 020 |
0 |
0 |
|a 978-92-890-14151
|
| 090 |
0 |
0 |
|a I 362.1
|b WOR
|
| 110 |
2 |
0 |
|a World Health Organisation (WHO)
|
| 245 |
2 |
4 |
|a The European health report 2009 :
|b health and health systems.
|
| 260 |
0 |
0 |
|a Copenhagen:
|b WHO,
|c 2009.
|
| 300 |
# |
# |
|a 178 p.
|
| 650 |
0 |
0 |
|a Health --
|z Europe
|
| 650 |
0 |
0 |
|a Health systems --
|z Europe
|
| 651 |
0 |
0 |
|a Europe
|
| 999 |
|
|
|a 0000027476
|b Book
|c Countries
|e Business Information Centre
|
| 999 |
|
|
|a 0000027136
|b Book
|c International
|e Business Information Centre
|